| 000 | 00787nam a22002417a 4500 | ||
|---|---|---|---|
| 999 |
_c1922 _d1922 |
||
| 003 | AR-CdUCM | ||
| 008 | 190228b ||||| |||| 00| 0 spa d | ||
| 040 |
_aMUNICIPALIDAD PROVINCIAL DEL CUSCO _cBIBLIOTECA MUNICIPAL DEL CUSCO |
||
| 082 |
_a869.508 / _bR97 |
||
| 110 |
_aSiglo XXI _96883 |
||
| 245 | _aRuta Cultural del Perú L. E. Valcárcel : | ||
| 260 |
_aPerú : _bSiglo Veintiuno ; _c1984. |
||
| 300 |
_a96 páginas _bfotografías _c14cm |
||
| 440 |
_aColección Equis X _n6 _97029 |
||
| 505 | _aPaisaje del Perú -- Arte -- Poesía -- Música y danza -- Perú, una patria antigua | ||
| 650 |
_aCultura _9126 |
||
| 650 |
_aArte _9561 |
||
| 650 |
_aPoetas _91966 |
||
| 650 |
_aPaisaje _91600 |
||
| 650 |
_aPoblación _93673 |
||
| 942 |
_2ddc _cLIBROS |
||
| 945 |
_anom _d2019-02-28 |
||